000 nam a22 7a 4500
999 _c55177
_d55177
003 OSt
005 20220809135707.0
008 220809b xxu||||| |||| 00| 0 eng d
040 _cIIMT UNIVERSITY
100 _aRAFI
245 _aMANUAL OF PRACTICAL OF BIOCHEMISTRY
250 _a3RD
260 _aHADRABAD
_bUNIVERSITY PRESS
_c2020
300 _a287
942 _2ddc
_c01